|
|
|
|
| LEADER |
00000nam0a2200000 4500 |
| 001 |
308983 |
| 005 |
20231102002139.0 |
| 020 |
|
|
|a RU
|b 81-80271
|
| 035 |
|
|
|a (RuTPU)RU\TPU\book\334304
|
| 090 |
|
|
|a 308983
|
| 100 |
|
|
|a 20151109d1981 m y0rusy5003 ca
|
| 101 |
0 |
|
|a rus
|
| 102 |
|
|
|a UA
|
| 105 |
|
|
|a a j 001zy
|
| 200 |
1 |
|
|a Технология монтажа металлических конструкций
|e учебник
|f Г. С. Нижниковский, П. Т. Резниченко
|
| 210 |
|
|
|a Киев
|a Донецк
|c Вища школа
|d 1981
|
| 215 |
|
|
|a 232 с.
|c ил.
|
| 320 |
|
|
|a Библиогр.: с. 229
|
| 606 |
|
|
|a Металлические конструкции
|x Монтаж
|2 stltpush
|3 (RuTPU)RU\TPU\subj\42320
|9 61999
|
| 610 |
1 |
|
|a монтажные работы
|
| 610 |
1 |
|
|a механизация
|
| 610 |
1 |
|
|a конструктивные элементы
|
| 610 |
1 |
|
|a технология
|
| 610 |
1 |
|
|a здания
|
| 610 |
1 |
|
|a сооружения
|
| 610 |
1 |
|
|a организация
|
| 610 |
1 |
|
|a учебники
|
| 675 |
|
|
|a 693.8(075.8)
|v 3
|
| 700 |
|
1 |
|a Нижниковский
|b Г. С.
|g Георгий Сергеевич
|
| 701 |
|
1 |
|a Резниченко
|b П. Т.
|g Павел Трофимович
|
| 702 |
|
1 |
|a Прыкин
|b Б. В.
|4 340
|
| 801 |
|
0 |
|a RU
|b RuMRKP
|c 19950704
|g psbo
|
| 801 |
|
1 |
|a RU
|b 63413507
|c 20151109
|
| 801 |
|
2 |
|a RU
|b 63413507
|c 20180918
|g RCR
|
| 942 |
|
|
|c BK
|